000 00661nam a2200253 i 4500
001 C2-0280184
003 PPAK
005 20180728011213.0
008 070618s2005 my |||| ||||| | may d
020 _a9833372252
040 _aPPAK
_beng
_cPPAK
_erda
082 0 4 _a616.89
_223
090 0 0 _a616.89
_bMOH
_dG
090 0 0 _a616.89
_bMOH
_dR
100 0 _aMohd Jamil Yaacob,
_eauthor
245 1 0 _aMental sihat
264 1 _aBentong, Pahang :
_bPTS Millennia ,
_c2005
300 _avii, 147 pages ;
_c23 cm
336 _2rdacontent
_atext
337 _2rdamedia
_aunmediated
338 _2rdacarrier
_avolume
650 1 0 _aMental health.
942 _ddc
_cB
999 _c86753
_d86753